000
00329nam a22001457a 4500
008
221006b ||||| |||| 00| 0 eng d
020
_a
013153467X
041
_a
eng
080
_2
SECOND EDITION
_a
616.31
082
_a
616.31
100
_a
12
101
_a
STOM
245
_a
COMPREHENSIVE PERIODONTICS
_c
WES
942
_2
udc
_c
BK
999
_c
58397
_d
58397